Normal view
MARC view
- dibbell,Julian
Entry Personal Name
001 - CONTROL NUMBER
- control field: 4033
003 - CONTROL NUMBER IDENTIFIER
- control field: JO-AjAnu
005 - DATE AND TIME OF LATEST TRANSACTION
- control field: 20230606070948.0
008 - FIXED-LENGTH DATA ELEMENTS
- fixed length control field: 230606|| aca||aabn | a|a d
040 ## - CATALOGING SOURCE
- Original cataloging agency: JO-AjAnu
- Transcribing agency: JO-AjAnu
100 ## - HEADING--PERSONAL NAME
- Personal name: dibbell,Julian
670 ## - SOURCE DATA FOUND
- Source citation: Work cat.: (JO-AjAnu)2099: dibbell,Julian, author, the Best Technology Writing2010